Ziyādāt ḥaqāʼiq al-tafsīr /

محفوظ في:

المؤلف الرئيسي: Sulamī, Muḥammad ibn al-Ḥusayn, ‪ -1021 (مؤلف)

مؤلفون آخرون: Böwering, Gerhard, 1939-

التنسيق: كتاب

اللغة: English
Arabic

منشور في: Bayrūt, Lubnān : Dār al-Mashriq : 1995.

الطبعة: Ṭabʻah 1.

سلاسل: Recherches. Nouvelle s̋erie. A. Langue arabe et pens̋ee islamique ; 17.

الموضوعات:

الوسوم: إضافة وسم

لا توجد وسوم, كن أول من يضع وسما على هذه التسجيلة!

رقم الطلب: BP130.4 .S785 1995

LEADER 01625nam a2200385 a 4500
001 11467
003 OSt
005 20250305082851.0
008 130303s1995 le a b 001 0 eng d
020 |a 2721460072 
040 |c ARCE Library 
041 0 |a eng  |a ara 
050 4 |a BP130.4 .S785 1995 
100 1 |6 880-01  |a Sulamī, Muḥammad ibn al-Ḥusayn, ‪  |d -1021,  |e author 
245 1 0 |a Ziyādāt ḥaqāʼiq al-tafsīr /   |c li-Abī ʻAbd al-Raḥmān Muḥammad ibn al-Ḥusayn al-Sulamī ; ḥaqqaqahā wa-qaddama la-hā Jīrhārd Būwirīngh. 
246 1 5 |a Minor Qurʼān commentary of Abū ʻAbd ar-Raḥmān Muḥammad b. al-Ḥusayn as-Sulamī. 
250 |a Ṭabʻah 1. 
264 1 |a Bayrūt, Lubnān :   |b Dār al-Mashriq :  |c 1995. 
300 |a 255, 23 pages :   |b illustrations ;   |c 25 cm. 
336 |2 rdacontent  |a text  |b txt 
337 |2 rdamedia  |a unmediated  |b n 
338 |2 rdacarrier  |a volume  |b n 
490 0 |a Recherches. Nouvelle s̋erie. A. Langue arabe et pens̋ee islamique ;   |v 17. 
500 |a Title on added title page : Ziyādat ḥaqāʼiq al-tafsīr. 
504 |a Includes bibliographical references and indexes.  
546 |a Introduction in English, text in Arabic. 
583 |a GETTY PROJECT,  |c 2005. 
630 0 0 |a Qurʼan  |x Commentaries  |v Early works to 1800. 
700 1 |a Böwering, Gerhard,  |d 1939-  |9 27162 
740 0 |a Ziyādat ḥaqāʼiq al-tafsīr. 
852 |a IN  |c 20090707091351.0n  |p 11185 
880 1 |6 100-01/(3/r  |a سلمي، محمد ابن الحسين،‪‪‪‪‪‪‪‪‪‪‪‪‪‪‪‪  |d -1021. 
901 |a reviewed 
942 |c BK  |2 lcc 
999 |c 11242  |d 11242